000 00424 a2200157 4500
001 61716
020 _a9783190072552
040 _cAnchieta - Pituba
100 _aDreyer, Hilke
240 1 0 _aLehr - und übungsbuch der deutschen grammatik
_lpor
245 1 0 _aLehr - und übungsbuch der deutschen grammatik
300 _a359
362 0 _a2000
650 4 _aLínguas germânicas (teutônicas) língua alemã
942 _cBK
999 _c61716
_d61716